000 00296nam a2200109Ia 4500
008 230907s9999||||xx |||||||||||||| ||und||
082 _a621.3
_bTHE
245 2 _aA textbook of electrical technology /
260 _aS. Chand & Company,
_bNew Delhi :
_c2014
300 _axxxii, 2750 p.
942 _cBK
999 _c600084
_d600084